Konkurencieschopnosť a efektívnosť cestovného ruchu stredomorských krajín diplomová práca

Gespeichert in:
Bibliographische Detailangaben
1. Verfasser: Jandurová, Valentína
Körperschaft: Obchodná fakulta EU. Katedra cestovného ruchu
Weitere Verfasser: Lacko, Roman, 1988-
Format: Buch
Sprache:Slowakisch
Veröffentlicht: Bratislava 2024
Tags: Tag hinzufügen
Keine Tags, Fügen Sie das erste Tag hinzu!

MARC

LEADER 00000nbm a2200000 4500
001 0302212
005 20250820092706.8
041 0 |a slo 
044 |a SK 
245 1 0 |a Konkurencieschopnosť a efektívnosť cestovného ruchu stredomorských krajín  |b diplomová práca  |c Valentína Jandurová ; školiteľ: Roman Lacko 
264 1 |a Bratislava  |c 2024 
300 |a 81 s. 
100 1 |a Jandurová, Valentína 
700 1 |a Lacko, Roman, 1988- 
710 2 |a Obchodná fakulta EU. Katedra cestovného ruchu